000 00543nam a2200181Ia 4500
005 20250923145455.0
008 008 250917s9999 xx 000 0 eng d
037 _aTextual
040 _aDSWL
_beng
_cDSWL
041 _aeng
_2eng
084 _aY0aW6, N60;2
_qDSWL
100 _aHarrison, S.S.
_9835689
245 0 _aIndia : The Most Dangerous Decades
_c by S.S.Harrison
260 _aNew Jersey
_b Princetion University Press
_c1960
300 _ax,350 p.
942 _cTEXL
_hY0aW6, N60;2
999 _c1451779
_d1451779